[Event "FRA-chT Top 12"]
[Site "Montpellier"]
[Date "2015.06.03"]
[Round "5"]
[White "Picard, Clement"]
[Black "Netzer, Jean"]
[Result "0-1"]
[WhiteElo "2180"]
[BlackElo "2396"]
[PlyCount "88"]
[EventDate "2015.05.30"]
[EventType "team-tourn"]
[EventRounds "11"]
[EventCountry "FRA"]
[SourceTitle "CBM 166 Extra"]
[Source "ChessBase"]
[SourceDate "2015.06.18"]
[SourceVersion "1"]
[SourceVersionDate "2015.06.18"]
[SourceQuality "1"]
[WhiteTeam "Poitiers Migne"]
[BlackTeam "Bischwiller"]
[WhiteTeamCountry "FRA"]
[BlackTeamCountry "FRA"]

1. e4 c5 2. Nf3 d6 3. Bb5+ Nd7 4. c3 Ngf6 5. Qe2 a6 6. Ba4 b5 7. Bc2 e5 8. 0-0 Be7 9. d4 0-0 10. h3 Qc7 11. d5 c4 12. Nbd2 Nh5 13. g3 g6 14. Kg2 Nc5 15. b4 cxb3 16. axb3 f5 17. Bb2 Nf6 18. exf5 gxf5 19. c4 Rb8 20. Bc3 b4 21. Bb2 Rf7 22. Kh2 Bd7 23. Ne1 Re8 24. f4 e4 25. Ng2 Bf8 26. Ne3 Bg7 27. Rab1 Qb6 28. Rfe1 Rfe7 29. Ndf1 a5 30. Bd4 Qc7 31. Kg2 Rb8 32. Qd1 Ree8 33. g4 Qc8 34. g5 Nh5 35. Bxg7 Nxg7 36. Ng3 Re7 37. h4 a4 38. bxa4 b3 39. Bxb3 Rxb3 40. Ra1 Rb2+ 41. Re2 Rxe2+ 42. Qxe2 Nd3 43. Rf1 Bxa4 44. h5 Rb7 0-1

[Event "FRA-chT Top 12"]
[Site "Montpellier"]
[Date "2015.06.01"]
[Round "3.7"]
[White "Picard, Clement"]
[Black "Terrieux, Kevin"]
[Result "1/2-1/2"]
[WhiteElo "2180"]
[BlackElo "2439"]
[PlyCount "31"]
[EventDate "2015.05.30"]
[EventType "team-tourn"]
[EventRounds "11"]
[EventCountry "FRA"]
[SourceTitle "CBM 166 Extra"]
[Source "ChessBase"]
[SourceDate "2015.06.18"]
[SourceVersion "1"]
[SourceVersionDate "2015.06.18"]
[SourceQuality "1"]
[WhiteTeam "Poitiers Migne"]
[BlackTeam "Metz Fischer"]
[WhiteTeamCountry "FRA"]
[BlackTeamCountry "FRA"]

1. e4 e5 2. Nf3 Nc6 3. Bc4 Nf6 4. d3 Be7 5. 0-0 0-0 6. Re1 d6 7. c3 Bg4 8. h3 Bh5 9. Bb3 d5 10. Nbd2 dxe4 11. dxe4 Bc5 12. Qe2 Bg6 13. Nh4 Nh5 14. Nxg6 hxg6 15. Nf3 Bd6 16. Qd1 1/2-1/2

[Event "FRA-chT Top 12"]
[Site "Haguenau"]
[Date "2013.06.06"]
[Round "8.6"]
[White "Dubessay, Bastien"]
[Black "Picard, Clement"]
[Result "1/2-1/2"]
[WhiteElo "2378"]
[BlackElo "2170"]
[PlyCount "54"]
[EventDate "2013.05.30"]
[EventType "team-tourn"]
[EventRounds "11"]
[EventCountry "FRA"]
[SourceTitle "CBM 154 Extra"]
[Source "ChessBase"]
[SourceDate "2013.06.25"]
[SourceVersion "2"]
[SourceVersionDate "2013.06.25"]
[SourceQuality "1"]
[WhiteTeam "Rueil Malmaison"]
[BlackTeam "Migne Echecs"]
[WhiteTeamCountry "FRA"]
[BlackTeamCountry "FRA"]

1. d4 e6 2. c4 Bb4+ 3. Nd2 Nf6 4. a3 Be7 5. e4 d5 6. e5 Nfd7 7. b4 a5 8. b5 c5 9. cxd5 exd5 10. Ngf3 cxd4 11. Bb2 0-0 12. Bxd4 Nc5 13. Qc2 Nbd7 14. Be2 Ne6 15. Bb2 Nf4 16. Bf1 f6 17. g3 Ng6 18. exf6 Bxf6 19. Bg2 Re8+ 20. Kf1 Bxb2 21. Qxb2 Qf6 22. Qd4 Qxd4 23. Nxd4 Nf6 24. h3 Bd7 25. Kg1 Ne5 26. Kh2 Nd3 27. f3 Rac8 1/2-1/2

[Event "FRA-chT Top 12"]
[Site "Haguenau"]
[Date "2013.06.01"]
[Round "3.6"]
[White "Dourerassou, Jonathan"]
[Black "Picard, Clement"]
[Result "1-0"]
[WhiteElo "2464"]
[BlackElo "2170"]
[PlyCount "61"]
[EventDate "2013.05.30"]
[EventType "team-tourn"]
[EventRounds "11"]
[EventCountry "FRA"]
[SourceTitle "CBM 154 Extra"]
[Source "ChessBase"]
[SourceDate "2013.06.25"]
[SourceVersion "2"]
[SourceVersionDate "2013.06.25"]
[SourceQuality "1"]
[WhiteTeam "Chalons en Champagne"]
[BlackTeam "Migne Echecs"]
[WhiteTeamCountry "FRA"]
[BlackTeamCountry "FRA"]

1. e4 e6 2. d4 d5 3. Nc3 Bb4 4. Nge2 dxe4 5. a3 Be7 6. Nxe4 Nf6 7. Qd3 Bd7 8. N2g3 Bc6 9. Be3 Nbd7 10. f3 Nd5 11. Bd2 N7f6 12. Be2 Qd7 13. b4 a6 14. c4 Nb6 15. 0-0 0-0 16. Be3 Nc8 17. Nxf6+ Bxf6 18. Nh5 Qe7 19. Qd2 Rd8 20. Nxf6+ Qxf6 21. d5 h6 22. Bd4 e5 23. Bc3 Ba4 24. f4 Qb6+ 25. c5 Qg6 26. fxe5 Ne7 27. d6 cxd6 28. exd6 Nc6 29. Rf3 f6 30. Rg3 Qf7 31. Rf1 1-0

[Event "FRA-chT1B 0809"]
[Site "France"]
[Date "2009.02.07"]
[Round "6.7"]
[White "Picard, Clement"]
[Black "Kirszenberg, Marc"]
[Result "1/2-1/2"]
[WhiteElo "2152"]
[BlackElo "2228"]
[PlyCount "22"]
[EventDate "2008.10.19"]
[EventType "team-tourn"]
[EventRounds "11"]
[EventCountry "FRA"]
[SourceTitle "EXT 2010"]
[Source "ChessBase"]
[SourceDate "2010.11.25"]
[SourceVersion "1"]
[SourceVersionDate "2010.11.25"]
[SourceQuality "1"]
[WhiteTeam "Migne Auxances"]
[BlackTeam "Rueil Malmaison"]
[WhiteTeamCountry "FRA"]
[BlackTeamCountry "FRA"]

1. e4 c6 2. d4 d5 3. Nc3 dxe4 4. Nxe4 Bf5 5. Ng3 Bg6 6. Nf3 Nf6 7. Ne5 Nbd7 8. Nxg6 hxg6 9. Bc4 e5 10. dxe5 Qa5+ 11. Bd2 Qxe5+ 1/2-1/2

[Event "FRA-chT1A 0708"]
[Site "France"]
[Date "2008.04.06"]
[Round "11"]
[White "Picard, Clement"]
[Black "Karim, Ismael"]
[Result "1/2-1/2"]
[WhiteElo "2185"]
[BlackElo "2366"]
[PlyCount "84"]
[EventDate "2007.10.21"]
[EventType "team"]
[EventRounds "11"]
[EventCountry "FRA"]
[SourceTitle "EXT 2009"]
[Source "ChessBase"]
[SourceDate "2008.11.26"]
[SourceVersion "1"]
[SourceVersionDate "2008.11.26"]
[SourceQuality "1"]
[WhiteTeam "Migne Auxances"]
[BlackTeam "Chalons en Champagne"]
[WhiteTeamCountry "FRA"]
[BlackTeamCountry "FRA"]

1. e4 c6 2. d4 d5 3. Nc3 dxe4 4. Nxe4 Bf5 5. Ng3 Bg6 6. Nf3 Nd7 7. h4 h6 8. h5 Bh7 9. Bd3 Bxd3 10. Qxd3 e6 11. Bd2 Qc7 12. 0-0-0 Ngf6 13. Ne4 0-0-0 14. g3 Nxe4 15. Qxe4 Nf6 16. Qe2 Rd5 17. Bf4 Bd6 18. Bxd6 Rxd6 19. Ne5 Rhd8 20. c3 c5 21. dxc5 Rxd1+ 22. Rxd1 Rxd1+ 23. Kxd1 Qxc5 24. Nxf7 Qd5+ 25. Kc1 Qxa2 26. Ne5 Qa1+ 27. Kc2 Qa4+ 28. Kc1 Qe4 29. Qxe4 Nxe4 30. Ng4 Kd7 31. Kd1 Kd6 32. Ke2 a5 33. Kd3 Nc5+ 34. Kc4 Na4 35. b3 Nc5 36. b4 axb4 37. Kxb4 Na6+ 38. Kc4 Nc7 39. Kd4 Nb5+ 40. Kc4 Nc7 41. Kd4 Nb5+ 42. Kc4 Nc7 1/2-1/2

[Event "FRA-chT1A 0607"]
[Site "France"]
[Date "2007.02.11"]
[Round "8.5"]
[White "Launiau, Severin"]
[Black "Picard, Clement"]
[Result "0-1"]
[WhiteElo "2153"]
[BlackElo "2160"]
[PlyCount "98"]
[EventDate "2006.10.15"]
[EventType "team-tourn"]
[EventRounds "11"]
[EventCountry "FRA"]
[SourceTitle "EXT 2008"]
[Source "ChessBase"]
[SourceDate "2007.11.25"]
[SourceVersion "1"]
[SourceVersionDate "2007.11.25"]
[SourceQuality "1"]
[WhiteTeam "Issy les Moulineaux"]
[BlackTeam "Migne Auxances"]
[WhiteTeamCountry "FRA"]
[BlackTeamCountry "FRA"]

1. c4 c5 2. Nc3 Nf6 3. g3 g6 4. Bg2 Bg7 5. a3 Nc6 6. Rb1 0-0 7. b4 cxb4 8. axb4 a6 9. d3 Rb8 10. Nf3 b5 11. cxb5 axb5 12. 0-0 d6 13. h3 Ne8 14. Bd2 Bd7 15. Kh2 Nc7 16. e3 h6 17. d4 Be6 18. Ng1 Bd7 19. Nge2 Kh7 20. Nc1 Qc8 21. Qb3 Nd8 22. Nd3 Bc6 23. d5 Bxc3 24. Bxc3 Bxd5 25. Bxd5 Nxd5 26. Qxd5 Qxc3 27. Rfc1 Qf6 28. Ra1 Ne6 29. Kg2 Kg7 30. h4 Qf5 31. Qxf5 gxf5 32. Ra7 Kf6 33. Kf3 Rbc8 34. Rxc8 Rxc8 35. Rb7 Nc7 36. Nb2 Ke5 37. Nd1 Kd5 38. Nb2 Kc6 39. Ra7 Kb6 40. Ra3 Nd5 41. Rb3 Rc2 42. e4 fxe4+ 43. Kxe4 e6 44. f4 f5+ 45. Kf3 h5 46. Nd3 Rc3 47. Rxc3 Nxc3 48. Ke3 Kc6 49. Kf3 Kd5 0-1

[Event "Chateauroux op"]
[Site "Chateauroux"]
[Date "2005.11.12"]
[Round "4"]
[White "Picard, Clement"]
[Black "Bouquin, Arnaud"]
[Result "1-0"]
[WhiteElo "2167"]
[BlackElo "1877"]
[PlyCount "83"]
[EventDate "2005.10.30"]
[EventType "swiss"]
[EventRounds "7"]
[EventCountry "FRA"]
[SourceTitle "EXT 2007"]
[Source "ChessBase"]
[SourceDate "2006.11.23"]
[SourceVersion "1"]
[SourceVersionDate "2006.11.23"]
[SourceQuality "1"]

1. e4 c5 2. Nf3 d6 3. Bb5+ Nd7 4. d4 cxd4 5. Qxd4 a6 6. Bxd7+ Bxd7 7. Bg5 Bg4 8. Nc3 Bxf3 9. gxf3 e5 10. Qd2 Be7 11. Bxe7 Nxe7 12. 0-0-0 0-0 13. Qxd6 Nc6 14. Qxd8 Rfxd8 15. Nd5 Nd4 16. Rd3 Rac8 17. c3 Nc6 18. Rhd1 Kf8 19. Kb1 f6 20. Nb6 Rxd3 21. Rxd3 Rc7 22. a4 Ke8 23. Ka2 Nd8 24. Ka3 Ne6 25. Nd5 Rc6 26. b4 Ng5 27. Kb3 Nh3 28. Rd2 Ng5 29. f4 Nxe4 30. Re2 Nd6 31. fxe5 fxe5 32. Rxe5+ Kf8 33. Re7 a5 34. Rd7 axb4 35. cxb4 Ne4 36. Rxb7 Nxf2 37. a5 Ne4 38. Nb6 Nd6 39. a6 Nxb7 40. Nd7+ Ke7 41. axb7 Kxd7 42. b8Q 1-0

[Event "Rohde op 05th"]
[Site "Sautron"]
[Date "2005.10.29"]
[Round "8"]
[White "Bannink, Bernard"]
[Black "Picard, Clement"]
[Result "0-1"]
[WhiteElo "2306"]
[BlackElo "2167"]
[PlyCount "36"]
[EventDate "2005.10.22"]
[EventType "swiss"]
[EventRounds "9"]
[EventCountry "FRA"]
[SourceTitle "EXT 2006"]
[Source "ChessBase"]
[SourceDate "2005.11.24"]
[SourceVersion "1"]
[SourceVersionDate "2005.11.24"]
[SourceQuality "1"]

1. d4 e6 2. Nf3 d5 3. Bg5 Be7 4. Bxe7 Qxe7 5. c3 Nf6 6. Nbd2 0-0 7. e3 b6 8. Rc1 Bb7 9. Be2 Nbd7 10. 0-0 e5 11. dxe5 Nxe5 12. Qc2 Ne4 13. Rfd1 Nxf2 14. Kxf2 Ng4+ 15. Kg3 f5 16. Qa4 Qxe3 17. Qd4 f4+ 18. Kxg4 Qe6+ 0-1

[Event "Rohde op 05th"]
[Site "Sautron"]
[Date "2005.10.26"]
[Round "5"]
[White "Picard, Clement"]
[Black "Berthelot, Yannick"]
[Result "0-1"]
[WhiteElo "2167"]
[BlackElo "2307"]
[PlyCount "49"]
[EventDate "2005.10.22"]
[EventType "swiss"]
[EventRounds "9"]
[EventCountry "FRA"]
[SourceTitle "EXT 2006"]
[Source "ChessBase"]
[SourceDate "2005.11.24"]
[SourceVersion "1"]
[SourceVersionDate "2005.11.24"]
[SourceQuality "1"]

1. e4 c5 2. Nf3 Nc6 3. Bb5 e6 4. Nc3 Nd4 5. Bc4 Ne7 6. 0-0 Nec6 7. d3 Be7 8. Nxd4 cxd4 9. Ne2 0-0 10. f4 f5 11. a3 g6 12. b4 a6 13. Bb2 b5 14. Bb3 Bb7 15. Kh1 a5 16. exf5 gxf5 17. Nxd4 Bf6 18. Nxc6 Bxc6 19. Be5 Bxe5 20. fxe5 Kh8 21. Qd2 Rg8 22. Rf2 Qh4 23. Rg1 Rg4 24. c3 Rag8 25. Bd1 0-1

[Event "Rohde op 04th"]
[Site "Sautron "]
[Date "2004.10.31"]
[Round "9"]
[White "Picard, Clement"]
[Black "Kosten, Anthony C"]
[Result "0-1"]
[WhiteElo "2145"]
[BlackElo "2519"]
[PlyCount "81"]
[EventDate "2004.10.23"]
[EventType "swiss"]
[EventRounds "9"]
[EventCountry "FRA"]
[SourceTitle "EXT 2006"]
[Source "ChessBase"]
[SourceDate "2005.11.24"]
[SourceVersion "1"]
[SourceVersionDate "2005.11.24"]
[SourceQuality "1"]

1. e4 c5 2. Nf3 Nc6 3. Bb5 g6 4. Bxc6 dxc6 5. d3 Bg7 6. h3 e5 7. Be3 b6 8. Qd2 f6 9. Nc3 Be6 10. 0-0 g5 11. a3 Bf8 12. Ne2 Ne7 13. b4 cxb4 14. axb4 Ng6 15. Ra4 Nf4 16. Rfa1 a5 17. bxa5 b5 18. Bb6 Qc8 19. R4a2 Bxa2 20. Rxa2 Nxe2+ 21. Qxe2 Be7 22. Nh2 Qe6 23. Ra1 0-0 24. g4 Rfb8 25. Qe3 Bd8 26. Bxd8 Rxd8 27. Qb6 Rab8 28. Qc5 Qd6 29. Qc3 c5 30. Nf3 c4 31. dxc4 Rbc8 32. a6 Rxc4 33. Qb3 Qb4 34. a7 Qxb3 35. a8Q Qb1+ 36. Rxb1 Rxa8 37. Rxb5 Rxc2 38. Rb1 Raa2 39. Rf1 Re2 40. Kg2 Rxe4 41. Ne1 0-1

[Event "FRA-chT2 0304"]
[Site "France"]
[Date "2004.03.14"]
[Round "9"]
[White "Glod, Philippe"]
[Black "Picard, Clement"]
[Result "1/2-1/2"]
[WhiteElo "2153"]
[BlackElo "2137"]
[PlyCount "91"]
[EventDate "2003.10.??"]
[EventType "team"]
[EventRounds "11"]
[EventCountry "FRA"]
[SourceTitle "EXT 2005"]
[Source "ChessBase"]
[SourceDate "2004.11.15"]
[SourceVersion "1"]
[SourceVersionDate "2004.11.15"]
[SourceQuality "1"]

1. e4 e6 2. d4 d5 3. e5 c5 4. c3 Qb6 5. Nf3 Nc6 6. a3 Nh6 7. b4 cxd4 8. cxd4 Nf5 9. Bb2 Bd7 10. g4 Nfe7 11. Nc3 Na5 12. Na4 Qc6 13. Nc5 Nc4 14. Bc3 Ng6 15. h4 h5 16. gxh5 Nf4 17. Ng5 Bxc5 18. bxc5 Nxh5 19. Qf3 0-0-0 20. Rg1 Rdf8 21. Bxc4 dxc4 22. Ne4 Kb8 23. Qe3 Qa4 24. Rb1 Bc6 25. Nd6 Ka8 26. Rb4 Qc2 27. Nxc4 Nf4 28. Qxf4 Qxc3+ 29. Qd2 Qa1+ 30. Qd1 Qxd1+ 31. Kxd1 Rxh4 32. Rxg7 Rxd4+ 33. Ke2 Rd5 34. f4 Rxc5 35. Nd6 Rc3 36. a4 Ra3 37. Nxf7 Rxa4 38. Rxa4 Bxa4 39. Ke3 a5 40. Ng5 Re8 41. Rg6 Bb3 42. Ne4 Re7 43. Nd6 Kb8 44. Rg8+ Kc7 45. Rc8+ Kd7 46. Rc5 1/2-1/2